| 000 | 00596nam a2200217Ia 4500 | ||
|---|---|---|---|
| 020 | _a0697393038 | ||
| 040 | _cVIA | ||
| 082 | _a371 DUS 1998 A017 Or. | ||
| 245 | 0 | 0 | _aComputers in education / |
| 250 | _a8th ed. | ||
| 260 |
_aGuilford, Conn. : _bDushkin Publishing Group, _cc1998. |
||
| 300 |
_ax, 245 p. : _bill. ; _c28 cm. |
||
| 490 | 1 | _aAnnual editions | |
| 490 | 1 | _aComputer studies. | |
| 650 | 0 | _aComputer managed instruction | |
| 650 | 0 | _aComputer-assisted instruction | |
| 650 | 0 | _aComputer literacy | |
| 700 | 1 | _aHirschbuhl, John J. | |
| 700 | 1 | _aBishop, Dwight. | |
| 942 | _cEK | ||
| 999 |
_c11797 _d11797 |
||